Social accounting and economic models

Αποθηκεύτηκε σε:
Λεπτομέρειες βιβλιογραφικής εγγραφής
Κύριος συγγραφέας: Stone, Richard Sir 1913-
Άλλοι συγγραφείς: Stone, Giovanna Saffi
Μορφή: Βιβλίο
Γλώσσα:English
Δημοσίευση: London : Bowes & Bowes, c1959
Θέματα:
Ετικέτες: Προσθήκη ετικέτας
Δεν υπάρχουν, Καταχωρήστε ετικέτα πρώτοι!

MARC

LEADER 00000nam a2200000 i 4500
001 1/70323
008 990224s1959 eng d
035 |l 10048070 
040 |a GR-MY-UA  |b gre  |e aacr 
041 0 |a eng 
082 0 |a 339.23 
100 1 |a Stone, Richard  |c Sir  |d 1913- 
245 1 0 |a Social accounting and economic models /  |c Richard Stone and Giovanna Croft-Murray 
260 |a London :   |b Bowes & Bowes,   |c c1959 
300 |a 88 p. 
650 0 0 |a Input-output analysis. 
650 0 0 |a Social accounting. 
650 0 0 |a National income  |x Accounting. 
700 1 |a Stone, Giovanna Saffi. 
852 |a INST  |b CHIOS  |e 19990224  |h 339.23 STO  |p 005200014736  |q 005200014736  |t BK  |y 0 
901 |a BIBL-1999-1 
909 |a Χ  |b 055443 
922 |a 2ΔΩΡ  |b 199902  |d ΛΕΜΟΝΙΑ